[Event "FIDE-Wch k.o."]
[Site "Moscow"]
[Date "2001.12.11"]
[Round "6.3"]
[White "Svidler, Peter"]
[Black "Ponomariov, Ruslan"]
[Result "0-1"]
[WhiteElo "2686"]
[BlackElo "2684"]
[Annotator "Ftacnik,L"]
[PlyCount "88"]
[EventDate "2001.11.27"]
[EventType "k.o."]
[EventRounds "7"]
[EventCountry "RUS"]
[SourceTitle "CBM 086"]
[Source "ChessBase"]
[SourceDate "2002.02.05"]
[SourceVersion "1"]
[SourceVersionDate "2002.02.05"]
[SourceQuality "1"]

1. e4 e5 2. Nf3 Nf6 3. d4 Nxe4 4. Bd3 d5 5. Nxe5 Nd7 6. Nxd7 Bxd7 7. O-O Bd6 8.
c4 c6 9. cxd5 cxd5 10. Nc3 Nxc3 11. bxc3 O-O 12. Qh5 f5 13. Re1 Qc7 (13... Qf6
14. Bg5 Qf7 15. Qxf7+ Kxf7 16. c4 h6 17. Bd2 dxc4 18. Bxc4+ Kf6 19. Reb1 b6 {
1/2-1/2 Cappello,R-Paoli,E/Reggio Emilia 1973/ (19)}) (13... Be8 14. Qf3 Kh8
15. Bc2 Rc8 16. Bd2 Qh4 17. g3 Qh3 18. Bb3 f4 19. Qg2 Qxg2+ 20. Kxg2 fxg3 21.
fxg3 Bf7 22. Re3 {1-0 Behnke,K-Berrou,M/Griesheim/1999/ (28)}) 14. Bd2 Rae8 15.
Bc2 (15. Rab1 a6) 15... g6 16. Qf3 (16. Qh6 Bb5 $11) 16... Re4 $1 {[%mdl 4]
Courageous and logical sacrifice, Svidler is confronted with unpleasant
problems.} (16... Bxh2+ 17. Kh1 Bd6 18. Qxd5+ Kh8 19. Qf3 Bc6 $13) 17. g3 (17.
Bxe4 fxe4 18. Qe2 Bxh2+ 19. Kh1 (19. Kf1 Qg3 20. Be3 Bh3 $1 $19) 19... Rf5 20.
Rac1 Rh5 $19) 17... Bb5 18. Bf4 (18. Bxe4 fxe4 (18... dxe4 19. Qe3 Bd3 20. Qg5
$16) 19. Qg4 Rf5 $44) 18... Bxf4 19. gxf4 Qd6 (19... Qxf4 20. Bxe4 fxe4 21.
Qxf4 Rxf4 22. Rab1 $11) (19... Rxf4 20. Qxd5+ Rf7 21. Qxb5 Rxf2 22. Re8+ Kg7
23. Kxf2 Qxh2+ 24. Kf3 $18) 20. Bxe4 fxe4 21. Qg3 (21. Qe3 Rxf4 $40) 21... Rxf4
22. Rab1 Bd7 23. f3 (23. h3 b5 24. Re2 Qf6 $15) (23. Rxb7 $2 Rg4 $19) 23... b6
24. Re3 Qf6 $6 {Serious inaccuracy that could have even caused problems for
black.} (24... exf3 25. Kf2 (25. h3 Rg4 $19) 25... Bf5 26. Re8+ Kf7 27. Rbe1
Be4 28. Ra8 $132) 25. Rf1 $2 (25. Kg2 h5 $1 $17) (25. h3 $1 Rxf3 26. Rxf3 Qxf3
27. Qxf3 exf3 28. h4 Bf5 29. Rb5 Be4 30. a4 $14) 25... Bg4 $1 26. Qxg4 (26. Rf2
Bxf3 27. h3 h5 28. Kf1 g5 $17) (26. fxg4 Rxf1+ 27. Kg2 Ra1 28. Qb8+ Qf8 29.
Qxf8+ Kxf8 30. Re2 Rc1 31. Kg3 g5 $19) 26... Rxg4+ 27. fxg4 Qg5 28. Rg3 (28.
Re2 Qxg4+ 29. Rg2 Qh5 $19) 28... b5 29. Rf2 (29. Rb1 Qd2 30. Rxb5 $2 Qe1+ 31.
Kg2 Qe2+ $19) 29... Kg7 30. Kg2 a5 31. Rb2 b4 32. cxb4 axb4 (32... Qc1 33. Rf2
axb4 34. Rb3 Qd1 $17) 33. h3 Qc1 {The rooks are too passive and clumsy as
defenders, black queen dominates the game.} 34. Rgb3 Kh6 35. Rxb4 Qd1 36. Kf2 (
36. a4 $2 e3 37. Rb1 e2 $19) 36... Kg5 37. Re2 (37. a4 Kf4 38. R4b3 Qxd4+ $19)
37... Kf4 38. Rb3 (38. a4 e3+ 39. Rxe3 Qd2+ 40. Re2 Qxb4 $19) 38... Qxd4+ 39.
Kg2 Qc4 40. Rf2+ Kg5 41. Rf7 d4 42. h4+ (42. Rxh7 Kf4 43. Rb2 e3 $19) 42...
Kxh4 (42... Kxg4 $4 43. Rg3+ Kh5 44. Rxh7#) 43. Rxh7+ Kxg4 44. Rg3+ Kf5 0-1

[Event "FIDE-Wch k.o."]
[Site "Moscow"]
[Date "2002.01.23"]
[Round "7.7"]
[White "Ponomariov, Ruslan"]
[Black "Ivanchuk, Vassily"]
[Result "1/2-1/2"]
[WhiteElo "2727"]
[BlackElo "2717"]
[Annotator "ChessBase"]
[PlyCount "43"]
[EventDate "2001.11.27"]
[EventType "k.o."]
[EventRounds "7"]
[EventCountry "RUS"]
[SourceTitle "CBM 086"]
[Source "ChessBase"]
[SourceDate "2002.02.05"]
[SourceVersion "1"]
[SourceVersionDate "2002.02.05"]
[SourceQuality "1"]

1. e4 Nf6 {Immerhin eine Überraschung.} 2. e5 Nd5 3. d4 d6 4. Nf3 Nc6 {Das
erweist sich als schlechte Wahl.} 5. c4 Nb6 6. e6 fxe6 7. Nc3 g6 8. Be3 Bg7 9.
h4 $1 O-O $6 $146 ({RR} 9... e5 10. d5 Nb4 11. a3 Na6 12. h5 Bf5 13. hxg6 hxg6
14. Rxh8+ Bxh8 15. Ng5 Qc8 16. Be2 c6 17. g4 Bd7 18. Qd3 Kd8 19. c5 e4 20.
Ncxe4 Nxd5 21. cxd6 {CBM 56-6.e6 fe6 7.Nc3 g6 8.h4/Opening 1996/CBM 56/
[Ftacnik] (21)}) ({RR} 9... d5 10. c5 Nc4 11. Bxc4 dxc4 12. Qa4 Qd7 13. O-O-O
b5 14. Qxb5 Rb8 15. Qxc4 Nb4 16. Ne5 Bxe5 17. dxe5 Ba6 18. Rxd7 Bxc4 19. Rhd1
Rc8 20. Bg5 Nc6 21. b3 Ba6 22. Bh6 Nxe5 23. R7d4 Nf7 24. Be3 {Nunn,J-Vaganian,
R/London 1986/MCL/1-0 (36)}) 10. h5 $1 e5 11. d5 Nd4 {Das nimmt die Schärfe
aus der Stellung, aber bei anderen Zügen stände Schwarz vielleicht noch
schlechter.} 12. Nxd4 exd4 13. Bxd4 $16 g5 14. Bxg7 Kxg7 15. h6+ Kg8 16. Qd2 e5
17. Rh5 g4 (17... Rf4 18. g3 Nxc4 19. Qc1 $18) 18. Qg5+ Qxg5 19. Rxg5+ Kh8 20.
Rg7 Rf6 21. Rxc7 Rxh6 22. b4 {Unter normalen Umständen würde Weiß natürlich
mit guten Chancen auf Gewinn weiterspielen. Doch das Remis genügt zur
Eroberung des WM-Titels, und dieses Ziel stand natürlich im Vordergrund.} (22.
b4 a5 23. bxa5 Rxa5 24. Rb1 Rc5 25. Re7 $18) 1/2-1/2

[Event "Linares 19th"]
[Site "Linares"]
[Date "2002.03.04"]
[Round "9"]
[White "Ponomariov, Ruslan"]
[Black "Adams, Michael"]
[Result "1-0"]
[WhiteElo "2727"]
[BlackElo "2742"]
[Annotator "Ftacnik,L"]
[PlyCount "89"]
[EventDate "2002.02.22"]
[EventType "tourn"]
[EventRounds "14"]
[EventCountry "ESP"]
[EventCategory "20"]
[SourceTitle "CBM 088"]
[Source "ChessBase"]
[SourceDate "2002.03.21"]
[SourceVersion "1"]
[SourceVersionDate "2002.03.21"]
[SourceQuality "1"]

1. e4 e5 2. Nf3 Nc6 3. Bb5 a6 4. Ba4 Nf6 5. O-O Be7 6. Re1 b5 7. Bb3 O-O 8. c3
d5 9. exd5 Nxd5 10. Nxe5 Nxe5 11. Rxe5 c6 12. d4 Bd6 13. Re1 Qh4 14. g3 Qh3 15.
Re4 g5 16. Qe2 Nf6 (16... f5 17. Bxd5+ (17. Re6 Bxe6 18. Qxe6+ Kh8 19. Qxd6 (
19. Bxg5 Rae8 $19) 19... Rae8 20. Bd2 f4 21. Bxd5 (21. Bd1 Rf6 $1) 21... cxd5
22. f3 g4 {0-1 Smirin,I-Grischuk,A/Panormo 2001/ (22)}) 17... cxd5 18. Re6 f4
19. Rxd6 Bg4 20. Qf1 Qxf1+ 21. Kxf1 Rae8 22. Bd2 Bh3+ 23. Kg1 fxg3 24. hxg3 Re2
25. Be3 Rxe3 26. fxe3 Rf1+ 27. Kh2 g4 28. Rxd5 {1/2-1/2 Ponomariov,R-Anand,V/
Linares 2002/ (28)}) 17. Nd2 Bf5 18. f3 (18. Re5 Bxe5 19. dxe5 Ng4 20. Nf3 Rae8
21. Qf1 Qxf1+ 22. Kxf1 h6 23. h4 Be4 24. Ne1 Rxe5 25. f4 gxh4 26. gxh4 Re7 {
0-1 Petrosian,T-Averbakh,Y/Moscow 1947/ (40)}) 18... c5 {[%mdl 8] New move in
a very sharp position, the sacrifice on e4 prevents black's rooks from
reaching the vital square e1.} (18... Nxe4 19. Nxe4 Bxe4 20. fxe4 Be7 21. Be3
Kh8 22. Rf1 f5 23. Be6 Qg4 24. Qxg4 fxg4 25. Bd7 {1-0 Sax,G-Atalik,S/Bled 2000/
(31)}) 19. Qf2 c4 (19... cxd4 20. cxd4 Rac8 21. Re1 $16) 20. Bc2 h6 21. b3 $1
cxb3 (21... Nd5 22. bxc4 Nxc3 23. Re3 Bxc2 24. Rxc3 Bg6 25. c5 $18) 22. axb3
Rfc8 23. Bb2 Bb4 $2 {The tactics that will unfortunatelly bacfire against
Adams. The open diagonal a1-h8 will represent grave danger for black king.} (
23... Nxe4 24. fxe4 Bg6 25. c4 Bb4 26. c5 $36) (23... a5 $5 24. Bd3 a4 25. Bf1
Qh5 26. Re5 $14) 24. Re5 $1 Bxc2 25. cxb4 Bg6 26. Rc5 Re8 (26... Rd8 27. d5 $18
) 27. Nf1 Rad8 (27... Bd3 28. Ne3 Qe6 29. Re1 Nd7 30. d5 Qd6 31. Qd2 $18) 28.
d5 $1 Nd7 29. Ne3 h5 (29... Nxc5 30. bxc5 Kf8 31. Rxa6 $18) 30. f4 (30. Rc6 $18
) 30... h4 (30... Nxc5 31. bxc5 Qc8 32. Rc1 $18) 31. f5 hxg3 32. hxg3 Bh5 (
32... Bh7 33. Rxa6 Nxc5 34. bxc5 $18) 33. d6 Re4 34. Rac1 Nxc5 $6 {The tired
defender is resigning his hopes for more resistance, white is getting the
chance to march forward with the terrible pawn duo.} (34... Nf8 35. Re5 $18) (
34... f6 35. Rc8 Rde8 36. Nd5 Rg4 37. Rxe8+ Bxe8 38. Rc3 $16) 35. bxc5 Kh7 36.
Bf6 Rg8 (36... Rd7 37. Bxg5 $18) 37. d7 Rh4 38. Qg2 Bf3 39. Qxh3 (39. Qxf3 Qh2+
40. Kf1 Qh1+ 41. Qxh1 Rxh1+ 42. Ke2 Rxc1 43. b4 $18) 39... Rxh3 40. Kf2 g4 41.
Nf1 $1 Rh5 42. d8=Q Rxd8 43. Bxd8 Rxf5 44. Ne3 Rh5 45. Bh4 1-0

[Event "FIDE GP"]
[Site "Moscow"]
[Date "2002.06.01"]
[Round "1.2"]
[White "Ponomariov, Ruslan"]
[Black "Vlassov, Nikolai"]
[Result "1/2-1/2"]
[WhiteElo "2743"]
[BlackElo "2462"]
[Annotator "Mueller,Karsten"]
[PlyCount "68"]
[EventDate "2002.06.01"]
[EventType "k.o. (rapid)"]
[EventRounds "5"]
[EventCountry "RUS"]
[SourceTitle "CBM 090"]
[Source "ChessBase"]
[SourceDate "2002.09.20"]
[SourceVersion "1"]
[SourceVersionDate "2002.09.20"]
[SourceQuality "1"]

1. e4 Nc6 2. d4 d5 3. Nc3 e5 4. dxe5 d4 5. Nd5 f5 6. exf6 Nxf6 7. Bg5 Be6 8.
Bxf6 (8. Bc4 Nxd5 9. Qh5+ (9. Bxd8 $5 Bb4+ 10. Ke2 (10. Kf1 $2 Ne3+ 11. fxe3
Bxc4+ 12. Ne2 Rxd8 $40)) 9... g6 10. Bxd8 gxh5 11. exd5 Bb4+ 12. Kf1 Bxd5 (
12... Rxd8 13. dxe6 Ne5 14. Be2 d3 15. cxd3 Nxd3 $14 {0-1 Kersten,
U-Jahrsdoerfer,G/Bad Zwesten 2002/CBM 86 ext (43)}) 13. Bxd5 Rxd8 14. Bxc6+
bxc6 15. Rd1 O-O 16. Nf3 $14 {Bryson,D-Sek,J/corr 1986/Inf 48 (24)}) 8... gxf6
9. Bc4 Bb4+ $146 (9... Ne5 10. Qxd4 Kf7 11. Bb3 c6 12. f4 cxd5 13. fxe5 dxe4
14. Bxe6+ Kxe6 15. Qxe4 Qa5+ 16. c3 Qxe5 17. Qxe5+ fxe5 18. Nf3 $14 {/+/- 1-0
Watson,W-Martin,A/Eastbourne 1990/EXT 90ch (43). (42)}) (9... Nb4 $2 10. a3
Bxd5 $2 (10... Nxd5 11. exd5 Bf5 12. Ne2 $16) 11. exd5 Qe7+ 12. Kf1 {1-0 Migl,
D-Stromer,A/BL2-S 1994/BL2 (12)}) (9... Bf7 10. Ne2 Bc5 11. O-O Qd6 12. Ng3
O-O-O 13. a3 Ne5 14. Ba2 Bxd5 15. exd5 $14 {/+/- 1-0 Bryson,D-Mohr,G/Moscow
1994/EXP 44 (34)}) 10. Nxb4 Bxc4 11. Nxc6 bxc6 12. Qh5+ ({Was hat Vlassov nach
} 12. Nf3 {vorbereitet?} c5 13. c3 O-O 14. cxd4 Re8 15. Qc2 Bd5 16. O-O-O Bxe4
17. Qxc5 Re6 {ist eine Möglichkeit, die näher geprüft werden sollte.}) 12...
Bf7 13. Qc5 Qd6 14. Qxd6 cxd6 15. Ne2 c5 16. f3 (16. Nf4 $5) 16... Ke7 17. Nf4
Rhb8 18. b3 (18. O-O-O $2 Bxa2 19. b3 c4 $14) 18... a5 19. Kd2 a4 20. Nd5+ $2 {
ohne die Leichtfiguren sollte sich Schwarz durch Aktivität behaupten können.} (
20. Rhe1 Kd7 21. g4 $16) 20... Bxd5 $11 {/+/=} 21. exd5 Rg8 22. Rae1+ (22. g4
$5) 22... Kf7 23. g4 Rg5 24. Re6 Rxd5 25. Rhe1 axb3 26. axb3 d3 27. cxd3 Ra2+
28. Kc3 Rxh2 29. Re7+ Kg6 30. Rd7 Rf2 $2 (30... Rh3 31. Ree7 h5 $11) 31. Ree7
$16 Kg5 32. Rxh7 Kf4 33. Rhf7 $2 (33. Rh6 Ke3 34. Re7+ Kxf3 (34... Re5 35.
Rxe5+ fxe5 36. Rxd6 Rxf3 37. Rd5 Kf4 38. Kc4 Rg3 39. Kxc5 Rxg4 40. b4 $18) 35.
Rxf6+ Kg3 36. Re3+ Kg2 37. Rxf2+ Kxf2 38. Re6 Kf3 39. g5 $18) 33... Kg5 (33...
f5 $5 34. Rxf5+ Rxf5 35. gxf5 Ke5 {kam auch stark in Betracht.}) 34. Rh7 Kf4 (
34... Kf4 35. Rh6 $18) 1/2-1/2

[Event "FIDE GP"]
[Site "Moscow"]
[Date "2002.06.02"]
[Round "2.1"]
[White "Ponomariov, Ruslan"]
[Black "Beliavsky, Alexander G"]
[Result "0-1"]
[WhiteElo "2743"]
[BlackElo "2661"]
[Annotator "Wedberg,T"]
[PlyCount "104"]
[EventDate "2002.06.01"]
[EventType "k.o. (rapid)"]
[EventRounds "5"]
[EventCountry "RUS"]
[SourceTitle "CBM 090"]
[Source "ChessBase"]
[SourceDate "2002.09.20"]
[SourceVersion "1"]
[SourceVersionDate "2002.09.20"]
[SourceQuality "1"]

{A rapid game with some good and some weaker moves, but it is interesting
because Ponomariov comes up with nothing at all against the topical Graf-line.
More tests are definitely needed in this line.} 1. e4 e5 2. Nf3 Nc6 3. Bb5 a6
4. Ba4 Nf6 5. O-O Be7 6. Re1 b5 7. Bb3 d6 8. c3 O-O 9. h3 Na5 10. Bc2 c5 11. d4
Nd7 12. Nbd2 exd4 13. cxd4 Nc6 14. d5 Nce5 15. Nxe5 Nxe5 {This is the
Graf-line of the Keres-variation. Black tempts White to start a P-storm.} 16.
f4 Ng6 17. Nf3 f5 $5 {This risky looking follow-up is an important part of
Black´s strategy. White´s problem is that he is not really developed yet, so
he cannot put very much pressure behind the P:s right away. Black has two
objectives: block the P:s and start an attack against the slightly airy white
K-side.} 18. e5 $5 {Logical, but also playing into Black´s preparations.} ({
For the lacklustre} 18. Qe2 {see 0-1 Enders,P-Graf,A/Heringsdorf 2000/CBM 80/
[Wedberg] (43)}) 18... dxe5 19. fxe5 Bb7 20. d6 Bh4 21. Re2 $146 {[%mdl 8]} (
21. Rf1 Bg3 22. Ng5 Nh4 23. Qh5 h6 24. Ne6 Qb6 $13 {0-1 Korneev,O-Graf,A/
Jakarta 1997/EXT 2000 (63)}) (21. Nxh4 Qxh4 (21... Nxh4 22. e6) 22. e6 Qg3 23.
Re2 Nh4 24. Qd3 Nf3+ 25. Kf1 Nh2+ $11) 21... Bg3 22. b4 {White is begging for
time to develop, but the protected c4-P is also valuable.} c4 (22... cxb4 23.
Bb3+ Kh8 24. Bd5 Bxd5 25. Qxd5 $44) 23. Qd4 Qd7 24. Bd2 Rae8 {Black is better
for sure. White´s P:s are blocked and weak, so weak that the world champion
decides to give an exchange to protect them.} 25. Rae1 Bxf3 26. gxf3 Re6 27.
Kg2 Bxe1 28. Rxe1 Qc6 $2 $17 ({after} 28... Nxe5 $1 {it´s game over} 29. Rxe5
Rxd6 $19) 29. Bc3 Rf7 30. Kf2 Nf8 31. Rg1 Rh6 32. Qe3 Rxh3 33. e6 Nxe6 34. Bxf5
Rxf3+ {Simplifying into a won endgame.} 35. Qxf3 Qxf3+ 36. Kxf3 Rxf5+ 37. Ke4
g6 38. a4 Kf7 39. axb5 axb5 40. Bd2 Nf8 41. Bg5 Nd7 42. Be7 Ke6 43. Kd4 Rd5+
44. Kc3 Ne5 45. Re1 Kd7 46. Bf8 Rd3+ 47. Kb2 Nc6 48. Rf1 Ke8 49. Rf6 g5 50. Bh6
c3+ 51. Kc1 Nxb4 52. Bxg5 Rg3 0-1

[Event "FIDE GP"]
[Site "Moscow"]
[Date "2002.06.02"]
[Round "2.2"]
[White "Beliavsky, Alexander G"]
[Black "Ponomariov, Ruslan"]
[Result "1-0"]
[WhiteElo "2661"]
[BlackElo "2743"]
[Annotator "Stohl,I"]
[PlyCount "67"]
[EventDate "2002.06.01"]
[EventType "k.o. (rapid)"]
[EventRounds "5"]
[EventCountry "RUS"]
[SourceTitle "CBM 090"]
[Source "ChessBase"]
[SourceDate "2002.09.20"]
[SourceVersion "1"]
[SourceVersionDate "2002.09.20"]
[SourceQuality "1"]

1. d4 Nf6 2. c4 g6 3. Nf3 Bg7 4. g3 O-O 5. Bg2 d6 6. O-O Nc6 7. Nc3 Rb8 $5 8.
d5 Na5 9. Nd2 c5 10. Qc2 {In this line Black tries to do without the a6 move
and get in b5 with the help of a central break.} (10. Rb1 e6 11. b3 (11. a3 b5
$5 12. dxe6 bxc4 $13) 11... exd5 12. Nxd5 Nxd5 (12... Bf5 13. e4 Bd7 14. Re1
Nc6 15. h3 Re8 16. Nxf6+ Bxf6 17. Nf3 Qe7 18. Bb2 Ne5 19. Nxe5 dxe5 20. Qe2 b5
21. cxb5 Bxb5 22. Qc2 Rbc8 23. Bf1 Bxf1 24. Kxf1 c4 25. bxc4 Qe6 $11 {Andrade,
L-Afek,Y/Lisbon op/2001/}) 13. Bxd5 Kh8 (13... Nc6 $142 $1 $132) 14. Ne4 f5 15.
Ng5 Qe7 16. Qd2 Nc6 17. Bxc6 bxc6 18. f4 h6 19. Nf3 Be6 20. Bb2 Rfe8 21. Bxg7+
Kxg7 22. Rbd1 Rbd8 23. Qc3+ Qf6 24. Qa5 Qe7 25. h4 Bf7 26. Rfe1 Qe3+ 27. Kg2
Rd7 28. Rd3 $14 {Aronian,L-Nevednichy,V/EU-chT Batumi/1999/}) 10... e6 (10...
a6 {leads to the normal Yugoslav positions. Possibly it's Black's best choice
after all.}) 11. Rb1 (11. b3 a6 (11... exd5 12. cxd5 b5 (12... Bf5 $6 13. e4
Bd7 14. Bb2 b5 15. Nd1 Rc8 16. Ne3 c4 17. bxc4 Nxc4 18. Ndxc4 bxc4 19. Bc3 Ng4
20. Nxg4 Bxg4 {Adianto,U-Ehlvest,J/Liepaja act/2001/} 21. f3 $14 {/+/-[+]}) 13.
Bb2 Re8 (13... b4 14. Nd1 Ba6 15. Re1 Re8 16. Ne3 Nd7 17. Bxg7 Kxg7 18. a3 $36)
14. a3 $5 Bd7 15. Rfe1 $14) 12. Bb2 b5 13. Rab1 $5 $14) 11... exd5 12. Nxd5 (
12. cxd5 Re8 (12... b5 $143 13. b4 $1 cxb4 14. Rxb4 Qc7 15. Qd3 Ba6 16. Ba3 Nc4
17. Nxc4 bxc4 18. Qc2 Rxb4 19. Bxb4 Rb8 20. Qa4 Qb6 21. Rb1 Bb5 22. Qc2 Ng4 23.
e3 Bh6 24. Qe2 f5 25. a4 Ba6 26. h3 Ne5 27. Ba5 $16 {Andreeva,N-Grunina,N/
Tomsk/2001/}) 13. e4 Bd7 14. b3 b5 15. Bb2 b4 16. Nd1 Bb5 17. Nc4 Nxc4 18. bxc4
Bd7 {Balogh,T-Istratescu,A/Krynica zt/1998/} 19. f4 $1 $13) 12... Bf5 $1 $146 {
[%mdl 8] A useful move, which closes the long diagonal for White's Bg2.} (12...
Nxd5 13. cxd5 f5 14. b4 cxb4 15. Bb2 Bxb2 16. Qxb2 b6 17. Nf3 Qf6 18. Qxb4 Ba6
19. Nd4 $16 {Ellers,H-Mohamed,A/WChJ Duisburg/1992/}) (12... Nc6 13. Nxf6+ Qxf6
14. Ne4 Qf5 15. Bf4 Be5 16. Bxe5 Qxe5 17. Qc3 Nd4 18. Rbe1 f5 19. f4 Qe7 20. e3
Nf3+ 21. Bxf3 fxe4 22. Bg2 h5 23. h3 Bf5 24. Rd1 Qf6 25. Qc2 Qe6 26. Rf2 b5 27.
Rd5 Rb6 28. Rfd2 b4 {Heck,N-Degenhardt,H/Hessenliga/1996/} 29. g4 $5 $14) 13.
e4 (13. Nxf6+ Bxf6 14. Ne4 (14. Be4 Be6 (14... Bg4 $5 15. Re1 Nc6 $13) 15. b3
Nc6 16. Bb2 Nb4 17. Bxf6 Qxf6 $11) (14. e4 Be6 15. b3 Nc6 16. Nf3 Bg4 {[%csl
Rd4] ><d4}) 14... Bg7 15. Rd1 Qe7 16. Bf4 Rbd8 $13 {/\} 17. g4 Bxe4 18. Bxe4
Qe6 $132) 13... Be6 14. Nb3 Nxb3 (14... Nc6 15. Bg5 Bxd5 16. cxd5 Nb4 17. Qd2
$14) 15. axb3 (15. Qxb3 b5 $1 16. cxb5 Nxd5 17. exd5 Bf5 18. Ra1 a6 $15) 15...
Nxd5 (15... Ng4 $1 $11 {[%csl Rd4][%cal Yg4e5,Ye5c6] /\Ne5-c6,><d4}) 16. cxd5 (
16. exd5 $6 Bf5 17. Be4 Bxe4 18. Qxe4 Re8 $36) 16... Bd7 17. Bd2 f5 (17... Bd4
18. Bc3 Qf6 19. Rbd1 $14) 18. Rfe1 (18. Bc3 f4 $5 19. Bxg7 Kxg7 20. Qc3+ Qf6
$11) 18... fxe4 19. Bxe4 Bd4 20. Be3 Qf6 $11 {The position is approximately
equal, White's pawns are weak, but also Black's K is potentially vulnerable.}
21. Bxd4 Qxd4 22. Rbd1 Qf6 (22... Qb4 $2 23. Bxg6 $18) 23. Re3 Rbe8 24. Rde1
Qd4 (24... Bf5 25. Bxf5 (25. Qc3 Bxe4 26. Qxf6 Rxf6 27. Rxe4 Rxe4 28. Rxe4 Kf7
$15 {[%csl Rb2,Rb3,Rd5] ק}) 25... Rxe3 26. Rxe3 Qxf5 27. Qd2 $11 {[%cal Ge1e8]
<=><->e}) (24... Re5 $5 {/\} 25. f4 Re7 26. Bxg6 (26. Qc3 Qd4 $5) 26... Qd4 27.
Qd3 Rg7 $1 28. Be4 Qxd3 29. Bxd3 Rxf4 $36) 25. h4 Kg7 26. h5 $13 {<=>} Rf6 $2 (
26... Qf6 $11) (26... gxh5 $5 27. Bxh7 Rxe3 28. Rxe3 Qf6 $13) 27. Bxg6 $1 Rxe3
(27... hxg6 28. Rxe8 Bxe8 29. Rxe8 Qxd5 30. hxg6 Rxg6 31. Qc3+ $36) 28. Rxe3
hxg6 (28... Qxd5 29. Re7+ Kf8 30. Rxd7 (30. Be4 Bf5 $8 31. Bxd5 Bxc2 32. Rxb7
Rf5 $14) 30... hxg6 31. hxg6 Re6 (31... Ke8 32. Rh7 Re6 33. Kf1 $16) 32. Qc3
Qd1+ 33. Kg2 Qd5+ 34. Qf3+ $16) 29. Re7+ Kh6 (29... Kf8 30. Rxd7 Qxd5 {-28...
Qd5}) 30. Rxd7 Qxd5 31. hxg6 Rxg6 32. Qc1+ Rg5 $2 (32... Qg5 $8 33. Qc3 $1 $40
(33. Qxg5+ Kxg5 34. Rxb7 $16) 33... Rf6 34. Rxb7 $16 {/+-}) 33. Qf4 $18 Qd1+ (
33... Qf5 34. Qxd6+ Rg6 35. Qe7 $18) 34. Kh2 (34. Kh2 Qh5+ 35. Kg2 Qg4 36. Qf8+
Kg6 (36... Rg7 37. Qh8+) 37. Qf7+ Kh6 38. Qh7#) 1-0